000 00180nam a2200073Ia 4500
008 170617s9999 xx 000 0 und d
100 _aPrescatt & Dunns
245 0 _aIndustrial Microbiology
260 _bElesvir Pub
999 _c15093
_d15093